[Event "Let's Play Chess!"]
[Site "http://www.queenalice.com/game.php?id=373748"]
[Date "2008.3.19"]
[Round "-"]
[White "kbsbng"]
[Black "Wilson"]
[Result "1-0"]
[WhiteElo "1557"]
[BlackElo "1220"]

1. Nf3 d5 2. e3 Nc6 3. Bb5 Bd7 4. Nc3 Nf6 5. d3 e6 6. Bd2 Bc5 7. d4 Bb6 8. Bxc6
Bxc6 9. Ne5 O-O 10. Qf3 a6 11. h4 h6 12. O-O-O Ba5 13. h5 Qd6 14. g4 b5 15. Qf4
Bb7 16. g5 Ne4 17. gxh6 g6 18. hxg6 fxg6 19. h7+ Kh8 20. Nxg6+ Kg7 21. Qh6+ Kf6
22. Nxf8+ Ke7 23. Qg7+ Ke8 24. h8=Q 1-0

[Event "AUTO-OPEN-1062"]
[Site "http://www.queenalice.com/game.php?id=373934"]
[Date "2008.3.20"]
[Round "1"]
[White "Myname"]
[Black "kbsbng"]
[Result "0-1"]
[WhiteElo "1448"]
[BlackElo "1694"]

1. e4 e5 2. d4 exd4 3. Qxd4 Nc6 4. Qd5 Nb4 5. Qf5 Nxc2+ 6. Kd1 Nxa1 7. Qe5+ Be7
8. Qxg7 Bf6 9. Qg3 Qe7 10. Bg5 Bxg5 11. Nf3 Bf6 12. Bd3 Bxb2 13. Ng5 d6 14. Bc4
Be6 15. Bxe6 fxe6 16. Re1 O-O-O 17. Nd2 d5 18. exd5 Rxd5 19. Rxe6 Qxg5 0-1

[Event "AUTO-OPEN-1062"]
[Site "http://www.queenalice.com/game.php?id=373935"]
[Date "2008.3.20"]
[Round "1"]
[White "kbsbng"]
[Black "Myname"]
[Result "1-0"]
[WhiteElo "1714"]
[BlackElo "1448"]

1. Nf3 d5 2. e3 Bg4 3. Be2 Nh6 4. Ne5 Bxe2 5. Qxe2 f6 6. Nd3 e5 7. Nc3 e4 8. Nf4
c6 9. Ne6 Qe7 10. Nd4 Na6 11. a3 O-O-O 12. O-O g5 13. b4 Nxb4 14. axb4 Qe5 15.
Rxa7 Bd6 16. g3 Nf5 17. Nxf5 Kb8 18. Ra4 Qxf5 19. Ba3 Qh3 20. b5 Bxa3 21. Rxa3
1-0

[Event "AUTO-OPEN-1062"]
[Site "http://www.queenalice.com/game.php?id=373964"]
[Date "2008.3.20"]
[Round "1"]
[White "holandes"]
[Black "kbsbng"]
[Result "0-1"]
[WhiteElo "1807"]
[BlackElo "1609"]

1. e4 e5 2. a3 d6 3. h3 Nf6 4. Nc3 Be6 5. b3 d5 6. Bd3 Qd7 7. Nf3 Bd6 8. Bb2
dxe4 9. Nxe4 Nxe4 10. Bxe4 Nc6 11. b4 Bf5 12. Qe2 Bxe4 13. Qxe4 O-O 14. Ng5 g6
15. O-O b5 16. Rad1 Rae8 17. c4 bxc4 18. Qxc4 Re7 19. Bc3 Rfe8 20. d4 e4 21. d5
Nb8 22. Rfe1 e3 23. Bf6 exf2+ 24. Kxf2 Qf5+ 25. Nf3 Qxf6 26. Kg1 Rxe1+ 27. Rxe1
Rxe1+ 28. Nxe1 Qe5 29. Nf3 Qa1+ 30. Qf1 Qxa3 31. b5 Qc5+ 32. Qf2 Qc1+ 33. Qe1
Qc5+ 34. Kf1 Qxb5+ 35. Qe2 Bg3 0-1

[Event "AUTO-OPEN-1062"]
[Site "http://www.queenalice.com/game.php?id=373965"]
[Date "2008.3.20"]
[Round "1"]
[White "kbsbng"]
[Black "holandes"]
[Result "0-1"]
[WhiteElo "1649"]
[BlackElo "1808"]

1. Nf3 Nc6 2. e4 e5 3. Bb5 d6 4. Bxc6+ bxc6 5. d3 Ba6 6. Nc3 h6 7. O-O Ne7 8.
Bd2 Ng6 9. a4 Be7 10. Ne2 d5 11. exd5 cxd5 12. b3 O-O 13. Qe1 c5 14. Ba5 Qd6 15.
Rd1 Qc6 16. Ng3 Rfe8 17. Bc3 f6 18. Nd2 Nf4 19. Ne2 Bd6 20. g3 Nh3+ 21. Kg2 Ng5
22. Bb2 Bc8 23. Ng1 d4+ 24. Ngf3 Bh3+ 0-1

[Event "AUTO-OPEN-1062"]
[Site "http://www.queenalice.com/game.php?id=410507"]
[Date "2008.5.30"]
[Round "2"]
[White "kbsbng"]
[Black "Gil"]
[Result "0-1"]
[WhiteElo "1798"]
[BlackElo "2287"]

1. Nf3 d5 2. e3 Nf6 3. b3 e6 4. d4 Nc6 5. Bb5 Bd7 6. Bxc6 Bxc6 7. Ne5 Bd7 8. Nc3
c5 9. Nxd7 Qxd7 10. Bb2 Bd6 11. g3 O-O 12. dxc5 Bxc5 13. Qd3 Rac8 14. O-O-O a6
15. h4 b5 16. Ne2 Ng4 17. Rdf1 e5 18. f3 Nxe3 19. Re1 Qe6 20. h5 Bb6 21. g4 e4
22. fxe4 Rxc2+ 23. Kb1 dxe4 0-1

[Event "AUTO-OPEN-1062"]
[Site "http://www.queenalice.com/game.php?id=410508"]
[Date "2008.5.30"]
[Round "2"]
[White "Gil"]
[Black "kbsbng"]
[Result "1-0"]
[WhiteElo "2270"]
[BlackElo "1798"]

1. d4 Nf6 2. Nf3 d5 3. e3 Bg4 4. h3 Bxf3 5. Qxf3 Nc6 6. Bb5 Qd7 7. O-O g5 8. Nc3
g4 9. hxg4 Nxg4 10. Nxd5 h5 11. e4 h4 12. Bf4 Rc8 13. Bxc7 h3 14. gxh3 Nf6 15.
Bg3 Qxh3 16. Nxf6+ exf6 17. d5 Rg8 18. dxc6 bxc6 19. Qg2 Qxg2+ 20. Kxg2 cxb5 21.
c3 Rd8 22. Rad1 Bd6 23. Rd5 Bxg3 24. fxg3 Rxd5 25. exd5 Rg5 26. d6 f5 27. Kf3
Kd7 28. Rd1 a5 29. Rd5 Rg6 30. Rxb5 Rxd6 31. Rxf5 Rd3+ 32. Kf4 1-0

[Event "AUTO-OPEN-1062"]
[Site "http://www.queenalice.com/game.php?id=410509"]
[Date "2008.5.30"]
[Round "2"]
[White "kbsbng"]
[Black "cardi"]
[Result "1-0"]
[WhiteElo "1740"]
[BlackElo "2034"]

1. Nf3 d5 2. e3 Bg4 3. Be2 c5 4. Ne5 Bxe2 5. Qxe2 a6 6. b3 Nf6 7. d4 e6 8. Nc3
Nbd7 9. Nxd7 Qxd7 10. dxc5 Bxc5 11. Bb2 Bb4 12. O-O-O Rc8 13. Na4 Ba5 14. h4 Qe7
15. g4 O-O 16. g5 Ne4 17. f4 Ng3 18. Qg2 Ne4 19. h5 b5 20. h6 g6 21. Bg7 1-0

[Event "AUTO-OPEN-1660"]
[Site "http://www.queenalice.com/game.php?id=637850"]
[Date "2009.8.17"]
[Round "1"]
[White "KAXY"]
[Black "kbsbng"]
[Result "0-1"]
[WhiteElo "1674"]
[BlackElo "1756"]

1. d4 d5 2. e3 e6 3. Bd2 Bd6 4. Nf3 Qe7 5. a3 Nc6 6. Bb5 Bd7 7. Bxc6 Bxc6 8. Nc3
Nf6 9. b4 Ne4 10. Nxe4 dxe4 11. Ne5 Bxe5 12. dxe5 Rd8 13. Qe2 Qg5 14. O-O Qxe5
15. Qc4 Rxd2 16. c3 Bb5 17. Qc5 Qxc5 18. bxc5 Bxf1 19. Kxf1 O-O 20. Rb1 Rfd8 21.
Ke1 R8d3 22. c4 g6 23. h4 b6 24. c6 Rc2 25. Rb4 Rxa3 26. Kd1 Rxf2 27. g4 Ra1+
28. Rb1 Rxb1# 0-1

[Event "AUTO-OPEN-1660"]
[Site "http://www.queenalice.com/game.php?id=637851"]
[Date "2009.8.17"]
[Round "1"]
[White "kbsbng"]
[Black "KAXY"]
[Result "0-1"]
[WhiteElo "1725"]
[BlackElo "1641"]

1. Nf3 d5 2. e3 Bg4 3. Nc3 Bxf3 4. Qxf3 Nf6 5. d3 e5 6. b3 Bb4 7. Bd2 c6 8.
O-O-O Bxc3 9. Bxc3 c5 10. Bxe5 Nbd7 11. Bxf6 Nxf6 12. Qg3 O-O 13. h4 g6 14. h5
Kg7 15. hxg6 hxg6 16. Be2 Rh8 17. f4 Qd6 18. Qg5 Rxh1 19. Rxh1 Rh8 20. Rxh8 Kxh8
21. Qh6+ Nh7 22. f5 d4 23. e4 Qf6 24. fxg6 fxg6 25. Qh2 Kg7 26. Qc7+ Kh6 27.
Qxc5 Ng5 28. Qxa7 b5 29. Qc5 Qf4+ 30. Kb2 Qf2 31. Bf3 Nxf3 32. gxf3 g5 33. Qxb5
Qxf3 34. Qb6+ Kh5 35. Qxd4 g4 36. Qh8+ Kg5 37. Qe5+ Kh4 38. Qh8+ Kg5 39. e5 g3
40. e6 Qf6+ 0-1

[Event "AUTO-OPEN-1660"]
[Site "http://www.queenalice.com/game.php?id=637876"]
[Date "2009.8.17"]
[Round "1"]
[White "kbsbng"]
[Black "mamutao"]
[Result "0-1"]
[WhiteElo "1814"]
[BlackElo "1681"]

1. Nf3 d5 2. e3 c5 3. Bb5+ Bd7 4. Nc3 Nf6 5. Bxd7+ Nbxd7 6. Qe2 e6 7. Qb5 Qc7 8.
d3 a6 9. Qa4 Be7 10. Bd2 O-O 11. O-O-O b5 12. Qf4 Bd6 13. Qh4 c4 14. dxc4 dxc4
15. Ne4 Nxe4 16. Qxe4 Nc5 17. Qd4 e5 18. Qd5 Na4 19. Be1 Rad8 20. Qe4 c3 21. b3
Ba3+ 0-1

[Event "AUTO-OPEN-1660"]
[Site "http://www.queenalice.com/game.php?id=637877"]
[Date "2009.8.17"]
[Round "1"]
[White "mamutao"]
[Black "kbsbng"]
[Result "1-0"]
[WhiteElo "1763"]
[BlackElo "1781"]

1. e4 e5 2. f4 exf4 3. Nf3 Nc6 4. Bc4 d6 5. O-O Bg4 6. Nc3 h5 7. d3 g5 8. g3
fxg3 9. hxg3 f6 10. Qe1 h4 11. gxh4 Bxf3 12. Rxf3 gxh4 13. Nd5 h3 14. Qg3 h2+
15. Kh1 Be7 16. Qg6+ Kd7 17. Nf4 Ne5 18. Qf5+ Kc6 19. Ne6 Qc8 20. Be3 b6 21.
Bd5+ Kd7 22. Ng7+ Kd8 23. Ne6+ Ke8 24. Bxa8 Nxf3 25. Bc6+ Kf7 26. Ng5+ 1-0

[Event "AUTO-OPEN-1660"]
[Site "http://www.queenalice.com/game.php?id=637878"]
[Date "2009.8.17"]
[Round "1"]
[White "kbsbng"]
[Black "bferrari2310"]
[Result "0-1"]
[WhiteElo "1748"]
[BlackElo "1690"]

1. e4 c5 2. d4 cxd4 3. Qxd4 Nc6 4. Qd3 d6 5. Nf3 Nf6 6. Bg5 e6 7. Nbd2 Be7 8.
Nc4 O-O 9. O-O-O d5 10. exd5 Qxd5 11. h4 Qxd3 12. Rxd3 b6 13. Bxf6 Bxf6 14. Re3
Bb7 15. Rh3 Rad8 16. g4 Nd4 17. Nxd4 Rxd4 18. g5 Be7 19. Bd3 Rfd8 20. b3 Ba6 0-1

[Event "AUTO-OPEN-1660"]
[Site "http://www.queenalice.com/game.php?id=637879"]
[Date "2009.8.17"]
[Round "1"]
[White "bferrari2310"]
[Black "kbsbng"]
[Result "1-0"]
[WhiteElo "1670"]
[BlackElo "1774"]

1. e4 Nc6 2. Nf3 e5 3. Bc4 d6 4. O-O f6 5. d4 Nxd4 6. Nxd4 exd4 7. Qxd4 Qe7 8.
Nc3 Be6 9. Nd5 Bxd5 10. Qxd5 O-O-O 11. Qe6+ Kb8 12. Qxe7 Nxe7 13. Be3 h5 14. f4
g6 15. Rad1 Bg7 16. f5 g5 17. Bxg5 fxg5 18. f6 Bxf6 19. Rxf6 g4 20. Rdf1 Nc6 21.
R1f5 Rde8 22. Bd5 Ne5 23. Bf7 1-0